ბათუმის შოთა რუსთაველის სახელმწიფო უნივერსიტეტის ბიბლიოთეკა

Справочник плодоовощника (ბიბ.ჩანაწერი № 46438)

000 -LEADER
fixed length control field 00558nam a2200193Ia 4500
001 - CONTROL NUMBER
control field 13276
003 - CONTROL NUMBER IDENTIFIER
control field GE_BSU
008 - FIXED-LENGTH DATA ELEMENTS--GENERAL INFORMATION
fixed length control field 181216s||||||||xx |||||||||||||| ||und||
040 ## - CATALOGING SOURCE
Transcribing agency GE_BSU
080 ## - UNIVERSAL DECIMAL CLASSIFICATION NUMBER
Universal Decimal Classification number 664.8(035)
100 ## - MAIN ENTRY--PERSONAL NAME
Personal name Васильев,А.И. Антонов,М.В. Малоземов,В.М. и др.
245 ## - TITLE STATEMENT
Title Справочник плодоовощника
260 ## - PUBLICATION, DISTRIBUTION, ETC.
Place of publication, distribution, etc. Москва
260 ## - PUBLICATION, DISTRIBUTION, ETC.
Name of publisher, distributor, etc. Экономика
260 ## - PUBLICATION, DISTRIBUTION, ETC.
Date of publication, distribution, etc. 1964
300 ## - PHYSICAL DESCRIPTION
Extent 360стр.20см.
653 ## - INDEX TERM--UNCONTROLLED
Uncontrolled term Справочник плодоовощника
942 ## - ADDED ENTRY ELEMENTS (KOHA)
Koha item type წიგნი
ეგზემპლარები
Withdrawn status Lost status Damaged status Not for loan Date acquired Barcode Date last seen Price effective from Koha item type
        2018-12-17 20768 2018-12-17 2018-12-17 წიგნი